Common groud : shared interests in ESP and communication studies

Αποθηκεύτηκε σε:
Λεπτομέρειες βιβλιογραφικής εγγραφής
Άλλοι συγγραφείς: Williams, Ray (Επιμελητής έκδοσης), Swales, John (Επιμελητής έκδοσης), Kirkman, John (Επιμελητής έκδοσης)
Μορφή: Βιβλίο
Γλώσσα:English
Δημοσίευση: Oxford ; New York : Pergamon, 1984
Σειρά:ELT documents ; ; 117
Θέματα:
Ετικέτες: Προσθήκη ετικέτας
Δεν υπάρχουν, Καταχωρήστε ετικέτα πρώτοι!

MARC

LEADER 00000nam a2200000 i 4500
001 1/35923
008 960513s1984 eng d
020 |a 0080310559 
035 |a ΠΑΡ-1995  |b 07/26  |c ΤΣΑΤΣΑΡΩΝΗΣ  |l 10024387 
040 |a GR-MY-UA  |b    |e aacr 
041 1 |a eng 
082 0 |a 418.007 
245 1 0 |a Common groud :  |b shared interests in ESP and communication studies /  |c edited by Ray Williams, John Swales, John Kirkman 
260 |a Oxford ; New York :   |b Pergamon,   |c 1984 
300 |a xi, 179 σ.;  |c 25 εκ. 
490 1 |a ELT documents  |v ; 117 
504 |a Περιλαμβάνει βιβλιογραφικές παραπομπές 
650 0 0 |a English language  |x Study and teaching  |x Congresses. 
650 0 0 |a English language  |x Study and teaching  |x Foreign speakers  |x Congresses. 
650 0 0 |a Communication  |x Study and teaching  |x Congresses. 
700 1 |a Williams, Ray.  |4 edt 
700 1 |a Swales, John.  |4 edt 
700 1 |a Kirkman, John.  |4 edt 
830 0 |a ELT documents ;  |v ; 117 
852 |a INST  |b CHIOS  |e 19960513  |h 418.007 COM  |p 005200008471  |q 005200008471  |t BK  |y 0 
909 |a Χ  |b 044707